Loading...
| Fine Arts - Classical Music | 0 | 8 | 0 | 0 | 80 | 73 | 97.75 | 2 | 8 | 18.15 | 64.00 |
| Fine Arts - Other | 0 | 5 | 1 | 0 | 45 | 75 | 91.00 | 3 | 5 | 15.85 | 44.00 |
| Religion | 0 | 3 | 0 | 0 | 30 | 69 | 93.33 | 1 | 3 | 7.08 | 26.00 |
| History - World | 0 | 2 | 1 | 0 | 15 | 68 | 82.00 | 0 | 2 | 7.81 | 16.00 |
| Popular Culture | 0 | 1 | 0 | 0 | 10 | 92 | 92.00 | 0 | 1 | 18.71 | 20.00 |
| Social Science | 0 | 1 | 0 | 0 | 10 | 58 | 58.00 | 1 | 1 | 4.73 | 10.00 |
| Fine Arts - Painting and Sculpture | 0 | 1 | 0 | 0 | 10 | 81 | 81.00 | 0 | 1 | 3.72 | 8.00 |
| History - Other | 0 | 1 | 0 | 0 | 10 | 62 | 62.00 | 0 | 1 | 4.92 | 8.00 |
| Mythology | 0 | 1 | 0 | 0 | 10 | 80 | 80.00 | 0 | 0 | 3.50 | 4.00 |
| Other Academic | 0 | 1 | 1 | 0 | 5 | 47 | 47.00 | 0 | 1 | 19.94 | 26.67 |
| Science - Physics | 0 | 0 | 1 | 0 | -5 | 0.00 | 0 | 0 | 0.00 | 0.00 |